AKC Breeds Quiz Stats

 Plays Quiz Updated Mar 8, 2019

Score 0/184 Timer 20:00
0 Plays Today
% Correct
Labrador Retriever
83.8%
Poodle
81.7%
Golden Retriever
81.4%
Beagle
72.8%
Bulldog
70.3%
Cocker Spaniel
65.2%
Great Dane
65.1%
Border Collie
65%
Chihuahua
64.7%
Pug
64.1%
Greyhound
62.4%
Collie
62.1%
German Shepherd Dog
61.4%
Yorkshire Terrier
59%
Saint Bernard
58.3%
Boxer
58.2%
Bloodhound
57.9%
Dachshund
57.6%
Basset Hound
57.1%
Irish Setter
56.7%
Dalmatian
56.7%
Doberman Pinscher
56.2%
Rottweiler
55.5%
Akita
53.3%
Pomeranian
53.2%
Siberian Husky
50.9%
Shih Tzu
50.4%
Maltese
49.9%
Mastiff
49.8%
Boston Terrier
49.7%
Afghan Hound
49.5%
Chow Chow
49.2%
Australian Shepherd
49.1%
Scottish Terrier
48.1%
Alaskan Malamute
47.7%
Irish Wolfhound
47.2%
French Bulldog
46.7%
Newfoundland
45.7%
Bernese Mountain Dog
43.2%
Bull Terrier
42.8%
Pointer
42.4%
Bullmastiff
42.2%
Whippet
41.9%
Bichon Frise
41.2%
Rat Terrier
41.1%
Old English Sheepdog
40.8%
Lhasa Apso
40.7%
Airedale Terrier
39.8%
English Setter
38.7%
Australian Cattle Dog
38.5%
Pekingese
38.4%
Miniature Schnauzer
38.3%
Samoyed
38.3%
Miniature Pinscher
37.9%
Cavalier King Charles Spaniel
37.7%
Cairn Terrier
37.5%
Affenpinscher
37.2%
Chinese Crested
37.1%
English Springer Spaniel
36.7%
American Eskimo Dog
36.6%
Italian Greyhound
36.5%
Portuguese Water Dog
36.5%
% Correct
Shetland Sheepdog
36.4%
Brittany
36.3%
Rhodesian Ridgeback
36.1%
Basenji
35.8%
Weimaraner
35.6%
Pembroke Welsh Corgi
35.5%
Puli
34.9%
Papillon
34.7%
Giant Schnauzer
34.5%
American English Coonhound
34.4%
American Staffordshire Terrier
33.9%
Chesapeake Bay Retriever
33.5%
American Foxhound
33.5%
Cardigan Welsh Corgi
33.3%
German Shorthaired Pointer
33.3%
Saluki
33%
Borzoi
32.9%
Australian Terrier
32.7%
Irish Terrier
32.6%
West Highland White Terrier
32.3%
Shiba Inu
32.2%
Russell Terrier
32%
Great Pyrenees
32%
Finnish Lapphund
31.6%
Bearded Collie
31.6%
Vizsla
30.7%
Chinook
30.4%
Border Terrier
30.4%
Chinese Shar-Pei
30.3%
Havanese
30.1%
English Foxhound
29.9%
Curly-Coated Retriever
29.5%
Flat-Coated Retriever
29.3%
Standard Schnauzer
29.3%
Gordon Setter
29.3%
Black and Tan Coonhound
29.3%
Clumber Spaniel
29.1%
Norwich Terrier
28.9%
English Cocker Spaniel
28.6%
Belgian Malinois
28.4%
Norfolk Terrier
28.3%
Japanese Chin
28.2%
Norwegian Elkhound
28.2%
Komondor
28.1%
German Wirehaired Pointer
28%
Wirehaired Vizsla
28%
Bedlington Terrier
27.8%
Coton de Tulear
27.7%
Bergamasco
27.7%
Brussels Griffon
27.6%
Tibetan Terrier
27.5%
Scottish Deerhound
27.5%
American Water Spaniel
27.4%
Tibetan Mastiff
27.4%
Spanish Water Dog
27.3%
Silky Terrier
27.2%
Belgian Sheepdog
27.1%
Welsh Terrier
27.1%
Dandie Dinmont Terrier
27%
Skye Terrier
27%
Finnish Spitz
26.9%
Kerry Blue Terrier
26.7%
% Correct
Harrier
26.4%
Anatolian Shepherd Dog
26.3%
Keeshond
26.2%
Irish Water Spaniel
26.1%
Briard
26%
Otterhound
25.9%
Greater Swiss Mountain Dog
25.9%
Canaan Dog
25.7%
Tibetan Spaniel
25.7%
Staffordshire Bull Terrier
25.6%
Irish Red and White Setter
25.3%
Nova Scotia Duck Tolling Retriever
25.3%
Wire Fox Terrier
25.2%
Manchester Terrier
25.1%
Ibizan Hound
24.7%
Bouvier des Flandres
24.5%
Pharaoh Hound
24.4%
Neapolitan Mastiff
24.3%
Black Russian Terrier
24.3%
South African Boerboel
24.3%
Parson Russell Terrier
24.2%
German Pinscher
24.2%
Belgian Tervuren
24.1%
Dogue de Bordeaux
23.7%
Smooth Fox Terrier
23.5%
Kuvasz
23.5%
Miniature Bull Terrier
23.3%
Welsh Springer Spaniel
23.3%
Plott
23.1%
Portuguese Podengo Pequeno
23.1%
Beauceron
22.9%
Schipperke
22.8%
Cirneco dell'Etna
22.8%
Field Spaniel
22.5%
Lakeland Terrier
22.5%
English Toy Spaniel
22.2%
Toy Fox Terrier
22.1%
Löwchen
21.9%
Soft Coated Wheaten Terrier
21.2%
Sussex Spaniel
20.3%
Glen of Imaal Terrier
20.1%
Sealyham Terrier
20.1%
Norwegian Buhund
20%
Petit Basset Griffon Vendéen
19.9%
Polish Lowland Sheepdog
19.6%
Wirehaired Pointing Griffon
19.5%
Spinone Italiano
18.9%
Swedish Vallhund
18.8%
Pyrenean Shepherd
18.7%
Bluetick Coonhound
13.7%
Cane Corso
12.9%
Redbone Coonhound
12.1%
Leonberger
11.6%
Boykin Spaniel
11.2%
Cesky Terrier
11%
Icelandic Sheepdog
10.4%
Treeing Walker Coonhound
10.1%
Norwegian Lundehund
9.9%
Entlebucher Mountain Dog
9.6%
Xoloitzcuintli
9.4%

You're not logged in!

Compare scores with friends on all Sporcle quizzes.
OR
Log In

Sporcle TV

Today on Sporcle TV


Watch our educational content, quiz creation guides, and fun videos on Sporcle TV.

Show Comments

Extras

Top Quizzes Today


Score Distribution

Your Account Isn't Verified!

In order to create a playlist on Sporcle, you need to verify the email address you used during registration. Go to your Sporcle Settings to finish the process.

Report this User

Report this user for behavior that violates our Community Guidelines.

Details: